000
00307nam a22001337a 4500
008
170621b xxu||||| |||| 00| 0 eng d
020
_a
9781551113234
041
_a
eng
080
_a
327
100
_a
20
101
_a
SHP
245
_a
SUSTAINABLE DEVELOPMENT AND CANADA
_c
STOETT.P.J
942
_2
udc
_c
BK
999
_c
18429
_d
18429